Madame Bovary / (Record no. 238)

MARC details
000 -LÍDER
campo de controle de tamanho fixo 03381nam a2200313 4500
001 - NÚMERO DE CONTROLE
campo de controle 238
003 - IDENTIFICADOR DO NÚMERO DE CONTROLE
campo de controle OSt
005 - DATA E HORÁRIO DA ÚLTIMA TRANSAÇÃO
campo de controle 20250528074015.0
008 - CAMPO DE DADOS FIXOS--INFORMAÇÃO GERAL
campo de controle de tamanho fixo 250205b |||||||e |||| 00| 1 eng d
040 ## - FONTE DA CATALOGAÇÃO
Idioma da catalogação por
041 ## - CÓDIGO DE IDIOMA
Código do idioma do original e/ou traduções intermediárias do texto fre
Código do idioma do texto/trilha sonora ou título diferente por
082 ## - CDD - CLASSIFICAÇÃO DECIMAL DE DEWEY
Número de Classificação 843
Número do exemplar F587m
100 1# - ENTRADA PRINCIPAL--NOME PESSOAL
Nome pessoal Flaubert, Gustave,
Datas associadas ao nome 1821-1880
9 (RLIN) 446
240 ## - TÍTULO UNIFORME
Título uniforme Madame Bovary
245 ## - TÍTULO
Título Madame Bovary /
Indicação de responsabilidade, etc. Flaubert, Gustave ; Tradução de Araújo Nabuco
260 ## - PUBLICAÇÃO, DISTRIBUIÇÃO, ETC.
Local de publicação, distribuição, etc. São Paulo
Nome do editor, distribuidor, etc. Abril
Data da publicação, distribuição, etc. 1981
300 ## - DESCRIÇÃO FÍSICA
Extensão 259 p.
520 ## - NOTA DE RESUMO, ETC.
Resumo, etc. Madame Bovary é um romance escrito por Gustave Flaubert que resultou num escândalo ao ser publicado em 1857. Quando o livro foi lançado, houve na França um grande interesse pelo romance, pois levou seu autor a julgamento.<br/><br/><br/><br/>Ele foi levado aos tribunais(Onde utilizou a famosa frase "Emma Bovary c'est moi" (Emma Bovary sou eu) para se defender das acusações) acusado de ofensa à moral e à religião, num processo contra o autor e também contra Laurent Pichat, diretor da revista Revue de Paris, em que a história foi publicada pela primeira vez, em episódios e com alguns pequenos cortes. A Sexta Corte Correcional do Tribunal do Sena absolveu Flaubert, mas o mesmo procedimento não foi adotado pelos críticos puritanos da época, que não perdoaram o autor pelo tratamento cru que ele tinha dado, no romance, ao tema do adultério, pela crítica ao clero e à burguesia: (Gostava do mar apenas pelas suas tempestades e da verdura só quando a encontrava espalhada entre ruínas. Tinha necessidade de tirar de tudo uma espécie de benefício pessoal e rejeitava como inútil o que quer que não contribuísse para a satisfação imediata de um desejo do seu coração - tendo um temperamento mais sentimental do que artístico e interessando-se mais por emoções do que por paisagens.<br/><br/><br/><br/>É considerada por alguns autores como a primeira obra da literatura realista.<br/><br/><br/><br/>Gustave Flaubert (1821-1880), o criador deste que é por muitos considerado o ápice da narrativa longa do século XIX - o chamado século de ouro do romance. Flaubert, o esteta, aquele que buscava o mot juste (a palavra exata) e burilava os seus textos por anos a fio, imbuiu-se da consciência e da sensibilidade da sua personagem. Atingiu, com a irretocável prosa de Madame Bovary, um dos mais altos graus de penetração e análise psicológica da literatura universal.<br/><br/><br/><br/>Madame Bovary é uma obra capital na literatura do seu tempo, um daqueles livros que dão início a uma época literária. Tomando propositadamente um tema sem grandeza aparente, Flaubert quis obrigar o seu talento a enfrentar dificuldades técnicas que o levassem a vencer o romantismo exacerbado que o dominava. O resultado foi a obra-prima que o leitor tem em mãos e que Émile Zola descreveu da seguinte maneira: «Quando Madame Bovary apareceu, foi uma completa revolução literária. Teve-se a impressão de que a fórmula do romance moderno, esparsa pela obra colossal de Balzac, fora reduzida e claramente enunciada nas quatrocentas páginas de um único livro. Estava escrito o código da nova arte».
650 #0 - ASSUNTO--TERMO TÓPICO
Cabeçalho tópico ou nome geográfico Literatura francesa
9 (RLIN) 122
650 #0 - ASSUNTO--TERMO TÓPICO
Cabeçalho tópico ou nome geográfico Histórico
9 (RLIN) 53
650 #0 - ASSUNTO--TERMO TÓPICO
Cabeçalho tópico ou nome geográfico Polêmica
9 (RLIN) 117
650 #0 - ASSUNTO--TERMO TÓPICO
Cabeçalho tópico ou nome geográfico Amor e Paixão
9 (RLIN) 25
650 #0 - ASSUNTO--TERMO TÓPICO
Cabeçalho tópico ou nome geográfico Clássicos
9 (RLIN) 77
650 #0 - ASSUNTO--TERMO TÓPICO
Cabeçalho tópico ou nome geográfico Filme
9 (RLIN) 26
655 #0 - TERMO DE ÍNDICE--GÊNERO E FORMA
Gênero/forma/ou termo foco Romance
655 #0 - TERMO DE ÍNDICE--GÊNERO E FORMA
Gênero/forma/ou termo foco Ficção
700 ## - ENTRADA ADICIONADA - NOME PESSOAL
Nome pessoal Araújo Nabuco
Função do autor por extenso Tradutor
9 (RLIN) 447
942 ## - ELEMENTOS DE ENTRADA ADICIONADOS (KOHA)
Fonte de classificação ou esquema de arquivamento Classificação decimal de Dewey
Ocultar no OPAC Não
Tipo de material Koha Livros
Holdings
Situação do descarte Situação das perdas Fonte de classificação ou esquema de arquivamento Status danificado Não pode ser emprestado Coleção Biblioteca de origem Biblioteca atual Localização na estante Data de aquisição Fonte de aquisição Total de empréstimos Número de chamada completo Código de barras Data de último acesso Número do exemplar Data do preço efetivo Tipo de material Koha
    Classificação decimal de Dewey     Ficção Biblioteca Professor Eduardo Afonso de Castro Biblioteca Professor Eduardo Afonso de Castro Literatura Estrangeira 13.05.2017 doação   843 / F587m 2025-15450 05.02.2025 Ex. 01 05.02.2025 Livros
    Classificação decimal de Dewey     Ficção Biblioteca Professor Eduardo Afonso de Castro Biblioteca Professor Eduardo Afonso de Castro Literatura Estrangeira 23.05.2017 doação   843 / F587m 2025-15671 05.02.2025 Ex. 02 05.02.2025 Livros

Powered by Koha